Vista normal
Vista MARC
Entrada Personal Name
Número de registros utilizados en: 1
001 - CONTROL NUMBER
- control field: 17754
003 - CONTROL NUMBER IDENTIFIER
- control field: OSt
005 - DATE AND TIME OF LATEST TRANSACTION
- control field: 20210310221347.0
008 - FIXED-LENGTH DATA ELEMENTS
- fixed length control field: 210310|| aca||aabn | a|a d
040 ## - CATALOGING SOURCE
- Original cataloging agency: OSt
- Transcribing agency: OSt
100 ## - HEADING--PERSONAL NAME
- Personal name: Masahiko Aoki, Hyung-Ki Kim, Masahiro Okuno- Fujiwara
670 ## - SOURCE DATA FOUND
- Source citation: Work cat.: (OSt): Masahiko Aoki, Hyung-Ki Kim, Masahiro Okuno- Fujiwara , El papel del gobierno en el desarrolloeconomico del asia oriental, analisis institucional comparado , 2000